| 000 | 00562cam a2200217ua 4500 | ||
|---|---|---|---|
| 020 |
_a0 906216 001 _c42.00 |
||
| 041 |
_aeng _h |
||
| 082 |
_a671.3 _bHAJ/MA |
||
| 100 | _aHajra, Choudhary.S.K . | ||
| 245 |
_aMaterials science and processes / _cS.K.Hajra Choudhary. _hTextual Documents |
||
| 250 |
_a1 / _b. |
||
| 260 |
_aCalcutta : _bIndian Book distributing co. , _c1985. |
||
| 300 | _a603 ; . | ||
| 365 | _a42.00 | ||
| 504 | _a | ||
| 942 | _cBK | ||
| 999 |
_c1802 _d1802 |
||